Austriackie miasta - nagła śmierć - Statystyki

Ogólne statystyki
  • Ten quiz został rozwiązany 244 razy
  • Średni wynik to 5 z 6
Answers on the Grid
Answers color-coded by a green-red scale on the quiz's grid according to % correct below.
Wiedeń
Zagrzeb
Wolfsburg
Magdeburg
Salzburg
Debreczyn
Innsbruck
Wilno
Graz
Budapeszt
Münster
Metz
Linz
Tallin
Villach
Kijów
 
Statystyki odpowiedzi
Odpowiedź % Poprawnych
Wiedeń
99%
Salzburg
90%
Graz
86%
Innsbruck
83%
Linz
81%
Villach
55%
Nie znaleziono quizów pasujących do podanych kryteriów
Rozkład punktacji
Procent ludzi z każdym wynikiem
Percentyl według liczby udzielonych odpowiedzi
Twoja historia wyników
Nie rozwiązałeś tego quizu